Stemmi Squadre di calcio dal dettaglio - Quiz n°11 - Statistics

Statistiche generali
  • Questo quiz è stato fatto 5 volte
  • Il punteggio medio è 5 su 10
Statistiche sulle risposte
con Immagini Risposta % Corretto
Ascoli
100%
Paris-Saint Germain
100%
Betis Siviglia
75%
Nizza
75%
Toronto FC
50%
Utrecht
50%
Partizan
25%
Auxerre
0%
Rennes
0%
Sporting Gijon
0%
Nessun quiz corrispondente trovato
Distribuzione punteggi
Percentuale di utenti per punteggio
Percentile per numero di risposta
I tuoi punteggi nel tempo
Non hai fatto questo quiz